Detalles MARC
| 000 -LIDER |
| fixed length control field |
01116nam a2200289 u 4500 |
| 001 - NÚMERO DE CONTROL |
| Identificador de número de control |
00020321 |
| 003 - IDENTIFICACDOR DE NÚMERO DE CONTROL |
| control field |
DO-SdBNP |
| 005 - DATE AND TIME OF LATEST TRANSACTION |
| control field |
20240722125448.0 |
| 007 - CAMPOS FIJOS DE DESCRIPCIÓN FÍSICA |
| fixed length control field |
00020321 |
| 008 - ELEMENTOS DE LONGITUD FIJA |
| fixed length control field |
100804s2002 dr a 000 0 spa d |
| 020 ## - ISBN |
| International Standard Book Number |
99934413X |
| 040 ## - FUENTE DE CATALOGACIÓN |
| Agencia que crea de manera original el registro |
BPMSU |
| Idioma de catalogación |
spa |
| Agencia que realiza la transcripción |
BPMSU |
| 082 #4 - NÚMERO DE CLASIFICACIÓN DECIMAL DE DEWEY |
| Classification number |
372.372 |
| Item number |
E65q 2006 |
| Edition number |
22 |
| 100 1# - ASIENTO PRINCIPAL -- NOMBRE PERSONAL |
| Nombre personal |
Erbiti, Alejandra |
| 245 10 - MENCIÓN DE TITULO |
| Título |
Quiero saber : |
| Subtítulo |
educación sexual para niños / |
| Mención de responsabilidad |
Alejandra Erbiti |
| 260 0# - PUBLICACIÓN, DISTRIBUCIÓN, ETC. (PIE DE IMPRENTA) |
| Lugar de publicación, distribución, etc |
Colombia : |
| Nombre del editor, distribuidor, etc. |
Círculo Latino Astral , |
| Fecha de publicación, distribución, etc |
2006 |
| 300 ## - DESCRIPCIÓN FÍSICA |
| Extensión |
200 p. : |
| Otros detalles físicos |
il. ; |
| Dimensiones |
28 cm. |
| 505 ## - NOTA DE CONTENIDO |
| Título |
Los niños y las niñas crecen y se desarrollan -- |
| -- |
Los órganos genitales y la salud de mi cuerpo -- |
| -- |
Mi mundo familiar y social -- |
| -- |
La reproducción humana -- |
| -- |
Mi relación con la sociedad -- |
| 590 ## - NOTA LOCAL |
| Texto de la nota local |
Inventariado, 2024/VM |
| 650 #4 - ENCABEZAMIENTO DE MATERIA--TEMÁTICO |
| Término temático o nombre geográfico como elemento de entrada |
Educación sexual para niños |
| 650 #4 - ENCABEZAMIENTO DE MATERIA--TEMÁTICO |
| Término temático o nombre geográfico como elemento de entrada |
Sexualidad infantil |
| Subdivisión temática general |
|
| 650 #4 - ENCABEZAMIENTO DE MATERIA--TEMÁTICO |
| Término temático o nombre geográfico como elemento de entrada |
EDUCACIÓN SEXUAL PARA NIÑOS |
| Subdivisión temática general |
ESTUDIOS Y EJERCÍCIOS |
| 650 #4 - ENCABEZAMIENTO DE MATERIA--TEMÁTICO |
| Término temático o nombre geográfico como elemento de entrada |
EDUCACIÓN SEXUAL |
| Subdivisión temática general |
ENSEÑANZA BÁSICA |
| 650 #4 - ENCABEZAMIENTO DE MATERIA--TEMÁTICO |
| Término temático o nombre geográfico como elemento de entrada |
EDUCACIÓN PRIMARIA |
| Subdivisión geográfica |
REPÚBLICA DOMINICANA |
| 910 ## - VALIDACIÓN |
| Validación |
VMateo V. Control de calidad. BPMSU |
| 942 ## - ADDED ENTRY ELEMENTS (KOHA) |
| Source of classification or shelving scheme |
Dewey Decimal Classification |
| Koha item type |
Libros |